000 02957cam a2200337 i 4500
001 18457698
003 OSt
005 20230208152919.0
008 150120s2015 dcu b 001 0 eng
010 _a 2015001489
020 _a9781626161634
040 _aDGU/DLC
_beng
_cDGU
_erda
_dDLC
042 _apcc
050 0 0 _aQH332
_b.G65 2015
100 1 _aGómez-Lobo, Alfonso,
_d1940-
_eauthor.
245 1 0 _aBioethics and the human goods :
_ban introduction to natural law bioethics /
_cAlfonso Gómez-Lobo ; with John Keown.
264 1 _aWashington, DC :
_bGeorgetown University Press,
_c2015.
300 _axxiv, 124 p.
_c22 cm
336 _atext
_2rdacontent
337 _aunmediated
_2rdamedia
338 _avolume
_2rdacarrier
504 _aIncludes bibliographical references and index.
505 0 _aFoundations -- Bioethical thinking -- Principles -- The ethical divide -- The ontological divide -- Potentiality and genetics -- Issues -- Beginning of life issues -- Stem cell research on human embryos -- Preimplantation diagnosis -- Abortion -- Infanticide -- End-of-life issues -- Suicide -- Physician-assisted suicide -- Euthanasia -- Tube-feeding patients in "pvs" -- Issues in transplantation -- The "dead donor rule" -- The determination of death -- Epilogue -- Appendix A: the status of the human embryo -- Personal statement of Professor Robert P. George, joined by Dr. Gómez-Lobo -- Appendix B: the determination of death -- Personal statement of Dr. Gómez-Lobo.
520 _aIn this concise and accessible introductory text, Gómez-Lobo and Keown introduce a "human goods" approach to bioethics as an alternative to the dominant principle-based method in the field (best illustrated by Beauchamp and Childress, Principles of Biomedical Ethics, OUP). Following Aristotle and the natural law tradition, the authors demonstrate how an emphasis on human goods--such as health, life, family, friendship, work and play, the experience of beauty, knowledge, and integrity--provides a necessary context for medical decisions and can help us understand critical issues at the beginning and end of life. The manuscript includes two parts: Foundations and Issues. In the Foundations section the authors explain how one can think about bioethics, offering definitions of ethics and ontology (the study of being) and prudential reasoning. In the Issues section they address genetics, abortion, infanticide, suicide and physician-assisted suicide, nutrition and hydration, and transplantation ethics. The book includes appendices featuring personal statements by Gómez-Lobo on the status of the human embryo and criteria for the determination of death.
650 0 _aBioethics.
650 0 _aNatural law.
700 1 _aKeown, John,
_eauthor.
906 _a7
_bcbc
_corignew
_d1
_eecip
_f20
_gy-gencatlg
942 _2lcc
_cBK
999 _c19972
_d19971